000 00702cam a22002294a 4500
001 12962305
005 20250225101827.0
008 021009s2003 moua b 001 0 eng
020 _a9780323016353
050 0 0 _aRM216
_b.W683 2003
082 0 0 _a613.2
_221
100 1 _aWilliams, Sue Rodwell.
245 1 0 _aEssentials of nutrition and diet therapy /
_cSue Rodwell Williams, Eleanor D. Schlenker.
250 _a8th ed.
260 _aSt. Louis, Mo. :
_bMosby,
_cc2003.
300 _axxiii, 885 p. :
_bill. (some col.) ;
_c28 cm. +
_e1 CD-ROM (4 3/4 in.)
650 0 _aDiet therapy.
650 0 _aNutrition.
650 0 _aNursing.
700 1 _aSchlenker, Eleanor D.
942 _2lcc
_cBK
_e8th ed.
_n0
999 _c4296
_d4296